Normal view
MARC view
Entry Corporate Name
001 - CONTROL NUMBER
- control field: 265722
003 - CONTROL NUMBER IDENTIFIER
- control field: OSt
005 - DATE AND TIME OF LATEST TRANSACTION
- control field: 20260618100212.0
008 - FIXED-LENGTH DATA ELEMENTS
- fixed length control field: 260618|| aca||aabn | a|a d
040 ## - CATALOGING SOURCE
- Original cataloging agency: OSt
- Transcribing agency: OSt
110 ## - HEADING--CORPORATE NAME
- Corporate name or jurisdiction name as entry element: ನಾಗರಾಜ ಎಂ ಜಿ
670 ## - SOURCE DATA FOUND
- Source citation: Work cat.: (OSt)104950: Baraguru Ramachandrappa Ed 163538, Kembatte holeyara samskrati, 1993